[Event "SVK-ch U12"]
[Site "Stara Lubovna"]
[Date "2021.07.02"]
[Round "8"]
[White "Duda, Filip"]
[Black "Vida, Gergo1111"]
[Result "1/2-1/2"]
[WhiteElo "1049"]
[BlackElo "1084"]
[PlyCount "29"]
[EventDate "2021.06.26"]
[EventType "swiss"]
[EventRounds "9"]
[EventCountry "SVK"]
[SourceTitle "CBM 203 Extra"]
[Source "ChessBase"]
[SourceDate "2021.09.30"]
[SourceVersion "1"]
[SourceVersionDate "2021.09.30"]
[SourceQuality "1"]

1. d4 Nf6 2. Nf3 d5 3. Bf4 Bf5 4. e3 e6 5. Bd3 Bxd3 6. Qxd3 Bd6 7. Bg3 Nc6 8. a3 0-0 9. 0-0 Bxg3 10. hxg3 Qd6 11. Nbd2 Rfe8 12. c4 Rad8 13. Rac1 Ne7 14. Rc2 c5 15. cxd5 1/2-1/2

[Event "Liptovsky Jan Slovak op U2200"]
[Site "Liptovsky Jan"]
[Date "2021.06.20"]
[Round "7"]
[White "Duda, Filip"]
[Black "Bochnickova, Simona"]
[Result "0-1"]
[WhiteElo "1049"]
[BlackElo "1718"]
[PlyCount "50"]
[EventDate "2021.06.17"]
[EventType "swiss"]
[EventRounds "7"]
[EventCountry "SVK"]
[SourceTitle "CBM 203 Extra"]
[Source "ChessBase"]
[SourceDate "2021.09.30"]
[SourceVersion "1"]
[SourceVersionDate "2021.09.30"]
[SourceQuality "1"]

1. Nf3 d5 2. d4 e6 3. Bf4 Nf6 4. e3 c5 5. c4 Nc6 6. Bd3 dxc4 7. Bxc4 a6 8. 0-0 b5 9. Bd3 c4 10. Qc2 Bb7 11. Be4 Nb4 12. Qd2 Nxe4 13. Qc1 Nd3 14. Qc2 Bd6 15. Bxd6 Qxd6 16. a3 0-0 17. Rd1 Nexf2 18. Ne1 Ng4 19. Nxd3 Qxh2+ 20. Kf1 Qh1+ 21. Ke2 Qxg2+ 22. Ke1 Qxc2 23. Rd2 Qb3 24. Nc5 Qxe3+ 25. Re2 Qc1# 0-1

[Event "SVK-ch U10"]
[Site "Lubovna"]
[Date "2020.08.19"]
[Round "6"]
[White "Ziman, Damian"]
[Black "Duda, Filip"]
[Result "1/2-1/2"]
[WhiteElo "1115"]
[BlackElo "1238"]
[PlyCount "54"]
[EventDate "2020.08.15"]
[EventType "swiss"]
[EventRounds "9"]
[EventCountry "SVK"]
[SourceTitle "EXT 2021"]
[Source "ChessBase"]
[SourceDate "2020.10.23"]
[SourceVersion "1"]
[SourceVersionDate "2020.10.23"]
[SourceQuality "1"]

1. e4 c5 2. c3 Nf6 3. e5 Nd5 4. d4 cxd4 5. cxd4 d6 6. Bc4 Nb6 7. Bb3 g6 8. Nf3 Bg7 9. Bf4 0-0 10. 0-0 Nc6 11. h3 Bf5 12. Nc3 Nb4 13. Ne2 Nd3 14. Qd2 Rc8 15. Rab1 Nc4 16. Bxc4 Nxf4 17. Bxf7+ Rxf7 18. Nxf4 Bxb1 19. Rxb1 Bh6 20. g3 Bxf4 21. gxf4 Qf8 22. Ng5 dxe5 23. Nxf7 Qxf7 24. fxe5 Qxa2 25. Rc1 Rf8 26. Rc7 Qb1+ 27. Kg2 Qe4+ 1/2-1/2

[Event "SVK-ch U10"]
[Site "Lubovna"]
[Date "2020.08.17"]
[Round "4"]
[White "Murin, Lukas"]
[Black "Duda, Filip"]
[Result "1/2-1/2"]
[WhiteElo "1000"]
[BlackElo "1238"]
[PlyCount "96"]
[EventDate "2020.08.15"]
[EventType "swiss"]
[EventRounds "9"]
[EventCountry "SVK"]
[SourceTitle "EXT 2021"]
[Source "ChessBase"]
[SourceDate "2020.10.23"]
[SourceVersion "1"]
[SourceVersionDate "2020.10.23"]
[SourceQuality "1"]

1. Nf3 d5 2. Nc3 Nf6 3. e4 dxe4 4. Ng1 Bg4 5. Bb5+ c6 6. f3 exf3 7. gxf3 Bh3 8. Bf1 Bxf1 9. Kxf1 Na6 10. a3 Qd7 11. d3 Rd8 12. Bg5 Nc7 13. Qe1 Qf5 14. Rd1 Qxg5 15. h4 Qf5 16. Rh2 e6 17. Re2 Bc5 18. b4 Bxg1 19. Kxg1 Qxf3 20. Rf2 Qg3+ 21. Kf1 Ng4 22. Ne2 Qxh4 23. b5 Nxf2 24. Qxf2 Qxf2+ 25. Kxf2 0-0 26. Rg1 Rd5 27. bxc6 bxc6 28. Ng3 Rfd8 29. c4 Rxd3 30. Ne2 Rxa3 31. c5 Na6 32. Rc1 Rdd3 33. Ke1 Ra5 34. Rd1 Rxd1+ 35. Kxd1 Nxc5 36. Ke1 Nd3+ 37. Kf1 c5 38. Kg1 c4 39. Kh1 Rc5 40. Kg1 c3 41. Nxc3 Rxc3 42. Kh1 a6 43. Kg1 a5 44. Kh1 a4 45. Kg1 a3 46. Kh1 a2 47. Kg1 a1R+ 48. Kh2 Nf4 1/2-1/2